El reconocimiento de los efectos civiles a las sentencias eclesis̀ticas de nulidad matrimonial

Bibliographic Details
Main Author: Caballero Lobato, Rafael Enrique
Other Authors: Satorras Fioretti, Rosa Mara̕
Format: Unknown
Language:Spanish
Published: Barcelona : Cedecs, 2002
Subjects:
Online Access:Acceso restringido

MARC

LEADER 00000ny a22000003n 4500
005 2011053100410.0
008 030207s2002 sp s 001 0 spa c
017 |a D.L. B.43977-2002 
020 |a 8495665204 
035 |a 716 
040 |a SpMaUCDE  |d vLex 
040 |a UMA.RE  |d vLex 
080 |a 347.62:348.6(460) 
080 |a 348.581(460) 
080 |a 348.6:347.62(460) 
090 |c 382  |d 382 
100 1 |a Caballero Lobato, Rafael Enrique 
245 1 3 |a El reconocimiento de los efectos civiles a las sentencias eclesis̀ticas de nulidad matrimonial  |h [Recurso electrn̤ico]  |c Rafael Enrique Caballero Lobato ; con la colaboracin̤ de Rosa Mara̕ Satorras Fioretti 
256 |a Servicio en ln̕ea 
260 |a Barcelona :  |b Cedecs,  |c 2002 
300 |a 216 p. ;  |c 21 cm 
504 |a Bibliogr.: p. 173-216 
506 1 |a Contenido solo disponible en los productos indicados  |d vLex Global  |d vLex Global (Academic Edition, excluding Law Schools)  |d vLex Global (U.S. Academic Edition, Law Schools)  |d vLex Global (U.S. Academic Edition, excluding Law Schools)  |d vLex Global (Academic Edition, Law Schools) 
650 0 7 |a Matrimonio  |2 Tesauro vLex 
650 0 7 |a Familia  |2 Tesauro vLex 
650 0 7 |a Religin̤  |2 Tesauro vLex 
650 0 7 |a Matrimonio eclesial  |2 Tesauro vLex 
650 0 7 |a Jurisdiccin̤ eclesis̀tica  |2 Tesauro vLex 
650 0 7 |a Nulidad del matrimonio civil  |2 Tesauro vLex 
700 1 |a Satorras Fioretti, Rosa Mara̕ 
740 0 |a vLex Libros (Servicios en ln̕ea) 
856 4 0 |u http://vlex.com/source/716  |z Acceso restringido 
942 |c BOOK 
999 0 |a Marriage  |b Barcelona